000
00308nam a2200121Ia 4500
008
220204s9999 xx 000 0 und d
082
_a
159.9
_b
NEW
100
_a
Berkowitz, Benard
245
0
_a
How to take charge of your life
260
_a
New York
_b
Bantam
_c
1977
700
_a
Newman, Mildred
942
_c
BK
999
_c
33469
_d
33469